000 00475nam a2200169Ia 4500
003 IN-BaIIA
005 20250704114130.0
008 211028s9999 xx 000 0 eng d
040 _cIIA Library
080 _a528.3(680)
_bGIL
100 _aGill, David
_9114
245 0 _aReport of the geodetic survey of South Africa
_bvol. III
_cDavid Gill
260 _aCape Town
_bRoyal Observatory
_c1901
650 _aGeodetic survey
_9115
650 _aSouth Africa
_9116
942 _cBK
_2ddc
999 _c83
_d83